MARC details
| 000 -CABECERA |
| campo de control de longitud fija |
00999nam a2200265 u 4500 |
| 005 - FECHA Y HORA DE LA ÚLTIMA TRANSACCIÓN |
| campo de control |
20240924065733.0 |
| 008 - ELEMENTOS DE LONGITUD FIJA--INFORMACIÓN GENERAL |
| campo de control de longitud fija |
191202s2016 mx ao r 000 0 spa d |
| 020 ## - NÚMERO INTERNACIONAL NORMALIZADO PARA LIBROS |
| Número Internacional Estándar del Libro |
9786078500048 |
| Qualifying information |
Colsan |
| 020 ## - NÚMERO INTERNACIONAL NORMALIZADO PARA LIBROS |
| Número Internacional Estándar del Libro |
9786074792249 |
| Qualifying information |
El Colef |
| 035 ## - NÚMERO DE CONTROL DEL SISTEMA |
| Número de control de sistema |
UPN01000234533 |
| 040 ## - FUENTE DE LA CATALOGACIÓN |
| Centro catalogador/agencia de origen |
MX-MxUPN |
| Lengua de catalogación |
spa |
| Centro/agencia transcriptor |
MX-MxUPN |
| 050 ## - SIGNATURA TOPOGRÁFICA DE LA BIBLIOTECA DEL CONGRESO |
| Número de clasificación |
JV6035 |
| Número de documento/Ítem |
A86 2016 |
| 245 00 - MENCIÓN DE TÍTULO |
| Título |
Asociaciones inmigrates y fronteras internacionales / |
| Mención de responsabilidad, etc. |
Luis Escala Rabadán, coordinador |
| 250 ## - MENCIÓN DE EDICIÓN |
| Mención de edición |
Primera edición |
| 260 ## - PUBLICACIÓN, DISTRIBUCIÓN, ETC. |
| Lugar de publicación, distribución, etc. |
Tijuana, Baja California : |
| Nombre del editor, distribuidor, etc. |
El Colegio de la Frontera Norte |
| 260 ## - PUBLICACIÓN, DISTRIBUCIÓN, ETC. |
| Lugar de publicación, distribución, etc. |
San Luis Potosí, S.L.P. : |
| Nombre del editor, distribuidor, etc. |
El Colegio de San Luis, |
| Fecha de publicación, distribución, etc. |
2016. |
| 300 ## - DESCRIPCIÓN FÍSICA |
| Extensión |
321 páginas : |
| Otras características físicas |
ilustraciones, fotografías en blanco y negro |
| 650 #2 - ASIENTO SECUNDARIO DE MATERIA - TERMINO TEMATICO |
| Término de materia o nombre geográfico como elemento de entrada |
Emigración e inmigración |
| 9 (RLIN) |
2252 |
| 650 #0 - ASIENTO SECUNDARIO DE MATERIA - TERMINO TEMATICO |
| 9 (RLIN) |
45184 |
| Término de materia o nombre geográfico como elemento de entrada |
Ley de emigración e inmigración |
| 650 #2 - ASIENTO SECUNDARIO DE MATERIA - TERMINO TEMATICO |
| 9 (RLIN) |
24567 |
| Término de materia o nombre geográfico como elemento de entrada |
Inmigrantes |
| Subdivisión general |
Condiciones sociales |
| 700 1# - ASIENTO SECUNDARIO--NOMBRE DE PERSONAL |
| Nombre de persona |
Escala-Rabadan, Luis, |
| Fechas asociadas al nombre |
1959- |
| Término indicativo de función/relación |
coordinador |
| 9 (RLIN) |
45185 |
| 905 ## - TIPO DE MATERIAL |
| Tipo de material |
Libro |
| 942 ## - ELEMENTOS DE PUNTO DE ACCESO ADICIONAL (KOHA) |
| Suprimir en OPAC |
No |
| Fuente del sistema de clasificación o colocación |
Library of Congress Classification |
| Tipo de ítem Koha |
Libro |